[Event "FRA-ch U12/16 Girls"]
[Site "Agen"]
[Date "2023.04.24"]
[Round "3"]
[White "Verdier, Anais"]
[Black "Bat, Anu"]
[Result "0-1"]
[WhiteElo "1396"]
[BlackElo "1807"]
[PlyCount "94"]
[EventDate "2023.04.23"]
[EventType "swiss"]
[EventRounds "9"]
[EventCountry "FRA"]
[SourceTitle "CBM 214 Extra"]
[Source "ChessBase"]
[SourceDate "2023.07.31"]
[SourceVersion "1"]
[SourceVersionDate "2023.07.31"]
[SourceQuality "1"]

1. d4 Nf6 2. Nf3 g6 3. c4 d6 4. Nc3 Bg7 5. e4 0-0 6. Be2 Nbd7 7. 0-0 e5 8. d5 Nc5 9. Nd2 a5 10. a3 a4 11. Qc2 Ne8 12. b4 axb3 13. Nxb3 Nxb3 14. Qxb3 f5 15. Re1 f4 16. Na4 b6 17. Nc3 Nf6 18. Qd1 h5 19. h3 Nh7 20. Bf1 Qh4 21. Nb5 Rf7 22. a4 g5 23. Ra3 g4 24. hxg4 Bxg4 25. Be2 Ng5 26. f3 Bc8 27. Bf1 Qg3 28. Qe2 h4 29. Kh1 Bf6 30. Rd1 h3 31. gxh3 Rg7 32. Qe1 Nxe4 33. Qxg3 Nxg3+ 34. Kg1 Nxf1+ 35. Kxf1 Bxh3+ 36. Ke2 Rg2+ 37. Kd3 Bf5+ 38. Kc3 e4+ 39. Kb4 e3 40. Nxc7 Rc8 41. Nb5 Rc2 42. Rg1+ Kf8 43. Nc3 Bd3 44. Kb3 Rxc3+ 45. Kb2 R3xc4+ 46. Ka2 Rc2+ 47. Kb3 Rxc1 0-1

[Event "FRA-ch U14 Girls"]
[Site "Agen"]
[Date "2022.04.22"]
[Round "7"]
[White "Bat, Anu"]
[Black "Fesigny, Oceane"]
[Result "0-1"]
[WhiteElo "1424"]
[BlackElo "1606"]
[PlyCount "132"]
[EventDate "2022.04.16"]
[EventType "swiss"]
[EventRounds "9"]
[EventCountry "FRA"]
[SourceTitle "EXT 2023"]
[Source "ChessBase"]
[SourceDate "2022.10.05"]
[SourceVersion "1"]
[SourceVersionDate "2022.10.05"]
[SourceQuality "1"]

1. e4 e5 2. Nf3 Nc6 3. d4 exd4 4. Nxd4 Bc5 5. Nb3 Bb6 6. Nc3 d6 7. Qe2 Be6 8. Be3 Bxe3 9. Qxe3 Qe7 10. 0-0-0 Nf6 11. f3 a6 12. Kb1 0-0-0 13. Nd4 Nxd4 14. Qxd4 Kb8 15. Qb4 Ka8 16. Nd5 Bxd5 17. exd5 Nd7 18. Qa5 Nb8 19. Bb5 Qe3 20. Ba4 Qc5 21. Qxc5 dxc5 22. c4 Nd7 23. Bxd7 Rxd7 24. Rde1 Kb8 25. Re3 Kc8 26. Rhe1 Kd8 27. Kc2 Rd6 28. g3 Rh6 29. h4 Rf6 30. Kd2 Rg6 31. g4 Rf6 32. Ke2 Rf4 33. Re4 Re8 34. Kf2 Rexe4 35. Rxe4 Rf6 36. a3 Rb6 37. Re2 Rb3 38. Rd2 Kd7 39. Kg3 Re3 40. Kf4 Re1 41. Rc2 Kd6 42. Rc3 b5 43. cxb5 axb5 44. Rb3 c6 45. dxc6 Kxc6 46. Kg3 Re2 47. f4 c4 48. Rb4 Kc5 49. Kf3 Rh2 50. Kg3 Rd2 51. Kf3 Rd3+ 52. Ke2 Rg3 53. g5 Rh3 54. f5 Rxh4 55. b3 Rh2+ 56. Kd1 Rb2 57. bxc4 Rxb4 58. axb4+ Kxc4 59. Kc2 Kxb4 60. Kb2 Kc4 61. Kc2 Kd5 62. Kb3 Ke5 63. g6 hxg6 64. fxg6 fxg6 65. Kb4 g5 66. Kxb5 g4 0-1

[Event "FRA-ch U12"]
[Site "Agen"]
[Date "2021.10.29"]
[Round "7"]
[White "Martoian, Seda"]
[Black "Bat, Anu"]
[Result "0-1"]
[WhiteElo "1286"]
[BlackElo "1504"]
[PlyCount "108"]
[EventDate "2021.10.22"]
[EventType "swiss"]
[EventRounds "9"]
[EventCountry "FRA"]
[SourceTitle "EXT 2023"]
[Source "ChessBase"]
[SourceDate "2022.10.05"]
[SourceVersion "1"]
[SourceVersionDate "2022.10.05"]
[SourceQuality "1"]

1. e4 c5 2. Nc3 e6 3. Nf3 Nc6 4. Bb5 Nge7 5. 0-0 a6 6. Bxc6 Nxc6 7. d3 Be7 8. Bf4 0-0 9. Re1 d5 10. e5 f6 11. Qd2 fxe5 12. Nxe5 Nxe5 13. Bxe5 Bd7 14. Re2 b5 15. Rae1 b4 16. Nb1 Bg5 17. Qd1 Be8 18. Bg3 Bh5 19. f3 Bf7 20. Nd2 Bf6 21. Be5 Bxe5 22. Rxe5 Qb6 23. Kh1 a5 24. Nf1 Rad8 25. Qe2 a4 26. Ng3 Rd6 27. Nh5 Bxh5 28. Rxh5 Rf6 29. Re5 Kf7 30. g3 Qc6 31. f4 g6 32. Kg1 c4 33. dxc4 dxc4 34. Re4 Qc5+ 35. Kh1 c3 36. b3 axb3 37. axb3 Rd2 38. Qe3 Qxe3 39. R1xe3 Rxc2 40. Rxb4 Rf5 41. Rc4 Rd5 42. Re1 Rdd2 43. Rc7+ Kf6 44. Rxh7 Rb2 45. g4 Re2 46. Rxe2 Rxe2 47. Rc7 c2 48. g5+ Kf5 49. Rc5+ Kg4 50. h3+ Kxh3 51. Rc3+ Kg4 52. b4 Re1+ 53. Kg2 c1Q 54. Rxc1 Rxc1 0-1

[Event "EU-ch U10 Girls"]
[Site "Bratislava"]
[Date "2019.08.06"]
[Round "5"]
[White "Bat, Anu"]
[Black "Briem, Gudrun Fanney"]
[Result "1-0"]
[WhiteElo "1457"]
[BlackElo "1199"]
[PlyCount "51"]
[EventDate "2019.08.02"]
[EventType "swiss"]
[EventRounds "9"]
[EventCountry "SVK"]
[SourceTitle "EXT 2020"]
[Source "ChessBase"]
[SourceDate "2019.10.17"]
[SourceVersion "1"]
[SourceVersionDate "2019.10.17"]
[SourceQuality "1"]

1. d4 Nf6 2. Bg5 e6 3. e4 h6 4. Bxf6 Qxf6 5. Nf3 Bb4+ 6. c3 Be7 7. Nbd2 b6 8. Bd3 Bb7 9. Qe2 0-0 10. 0-0-0 Bd8 11. Rdg1 d5 12. e5 Qe7 13. h4 Nd7 14. g4 a5 15. g5 g6 16. gxh6 a4 17. a3 c5 18. h5 Kh8 19. h7 gxh5 20. Rxh5 Bc7 21. Rhg5 c4 22. Bc2 b5 23. Ne1 Bc6 24. Rg8+ Rxg8 25. hxg8Q+ Rxg8 26. Qh5# 1-0

[Event "EU-ch U10 Girls"]
[Site "Bratislava"]
[Date "2019.08.03"]
[Round "2"]
[White "Alexandri, Dimitra"]
[Black "Bat, Anu"]
[Result "0-1"]
[WhiteElo "1128"]
[BlackElo "1457"]
[PlyCount "156"]
[EventDate "2019.08.02"]
[EventType "swiss"]
[EventRounds "9"]
[EventCountry "SVK"]
[SourceTitle "EXT 2020"]
[Source "ChessBase"]
[SourceDate "2019.10.17"]
[SourceVersion "1"]
[SourceVersionDate "2019.10.17"]
[SourceQuality "1"]

1. d4 Nf6 2. c4 d6 3. Nc3 g6 4. e4 Bg7 5. Nf3 0-0 6. Be2 Nbd7 7. Bg5 h6 8. Bh4 e5 9. d5 g5 10. Bg3 Nc5 11. Nd2 a5 12. b3 b6 13. 0-0 Ne8 14. f3 f5 15. exf5 Bxf5 16. Nde4 Nf6 17. Nxc5 bxc5 18. Bd3 Bxd3 19. Qxd3 Nh5 20. Rac1 Nf4 21. Bxf4 exf4 22. Nb5 Qd7 23. Rfe1 Rae8 24. Qd2 h5 25. Rxe8 Rxe8 26. Qxa5 c6 27. dxc6 Qxc6 28. Qd2 Be5 29. Re1 Rf8 30. Rd1 Rd8 31. Qd5+ Qxd5 32. Rxd5 Kf7 33. Kf2 g4 34. Ke2 Kf6 35. a4 g3 36. hxg3 fxg3 37. Ke3 h4 38. Rd1 Kf5 39. Rh1 Bf4+ 40. Ke2 Bg5 41. Rd1 Be7 42. Rd5+ Kg6 43. Rd1 Re8 44. Kf1 Rd8 45. Re1 Bf8 46. Re4 Kg5 47. Rg4+ Kh5 48. Nc3 Be7 49. Re4 Bf6 50. Nb5 d5 51. Rf4 Kg5 52. Rg4+ Kf5 53. cxd5 Rxd5 54. Ke2 Bg5 55. Rc4 h3 56. gxh3 Rd2+ 57. Ke1 Be3 58. Rg4 g2 59. Nd6+ Rxd6 60. Rxg2 Rb6 61. Rb2 Bd4 62. a5 Bc3+ 63. Ke2 Re6+ 64. Kd3 Bxb2 65. Kc4 Bf6 66. Kxc5 Re5+ 67. Kc4 Rxa5 68. b4 Re5 69. b5 Bd8 70. h4 Kf4 71. h5 Rxh5 72. Kb4 Kxf3 73. Kc4 Ke4 74. Kb4 Kd4 75. Ka4 Kc4 76. b6 Bxb6 77. Ka3 Rh2 78. Ka4 Ra2# 0-1

[Event "Match France-Chine U 12 G"]
[Site "Saint Quentin"]
[Date "2019.06.30"]
[Round "14.3"]
[White "Bat, Anu"]
[Black "Zhao, Yunqing"]
[Result "0-1"]
[WhiteElo "1457"]
[BlackElo "1539"]
[PlyCount "114"]
[EventDate "2019.06.??"]
[EventType "team-match"]
[EventRounds "2"]
[EventCountry "FRA"]
[SourceTitle "EXT 2020"]
[Source "ChessBase"]
[SourceDate "2019.10.17"]
[SourceVersion "1"]
[SourceVersionDate "2019.10.17"]
[SourceQuality "1"]

1. d4 Nf6 2. Nf3 e6 3. e3 b6 4. Bd3 Bb7 5. 0-0 Be7 6. c4 c5 7. Nc3 cxd4 8. exd4 d5 9. Be3 0-0 10. Ne5 Nc6 11. f4 dxc4 12. Bxc4 Rc8 13. Be2 Nb4 14. a3 Nbd5 15. Nxd5 Nxd5 16. Bd2 Bf6 17. Bd3 Ne7 18. Bc3 Qd5 19. Qe2 Nc6 20. Rf3 Nxd4 21. Bxd4 Qxd4+ 22. Rf2 Bxe5 23. fxe5 Rc5 24. Re1 h6 25. Kh1 Rd8 26. Bb1 Rxe5 27. Qf1 Rxe1 28. Qxe1 Qd1 29. Rf1 Qxe1 30. Rxe1 Rd2 31. Rg1 Rxb2 32. h3 Bxg2+ 33. Rxg2 Rxb1+ 34. Kh2 Rb3 35. a4 e5 36. Re2 f6 37. Kg2 Kf7 38. Rc2 Kg6 39. Rc7 a5 40. Rc6 Rb4 41. Kg3 Rxa4 42. Rxb6 Ra3+ 43. Kg2 Kg5 44. Rb7 g6 45. Rg7 e4 46. h4+ Kh5 47. Re7 f5 48. Re6 a4 49. Re5 Kxh4 50. Re6 g5 51. Rxh6+ Kg4 52. Rd6 Ra2+ 53. Kf1 Kf3 54. Rd1 e3 55. Re1 e2+ 56. Kg1 Rd2 57. Kh2 Rd1 0-1

[Event "Match France-Chine U12 G"]
[Site "Saint Quentin"]
[Date "2019.06.28"]
[Round "12.3"]
[White "Zhao, Caidi"]
[Black "Bat, Anu"]
[Result "1-0"]
[WhiteElo "1540"]
[BlackElo "1457"]
[PlyCount "103"]
[EventDate "2019.06.??"]
[EventType "team-match (blitz)"]
[EventRounds "12"]
[EventCountry "FRA"]
[SourceTitle "EXT 2020"]
[Source "ChessBase"]
[SourceDate "2019.10.17"]
[SourceVersion "1"]
[SourceVersionDate "2019.10.17"]
[SourceQuality "1"]

1. e4 c5 2. Nf3 e6 3. b3 d5 4. exd5 exd5 5. Bb5+ Nc6 6. Qe2+ Be7 7. Ba3 b6 8. Bxc6+ Bd7 9. Bxa8 Qxa8 10. 0-0 Nf6 11. Re1 Qd8 12. d4 Be6 13. dxc5 bxc5 14. Ng5 0-0 15. Nxe6 fxe6 16. Qxe6+ Rf7 17. Nc3 d4 18. Ne4 Nxe4 19. Rxe4 h6 20. Rae1 Qf8 21. f3 Bg5 22. Qe8 Be3+ 23. Kh1 Kh7 24. Qxf8 Rxf8 25. Bxc5 Rd8 26. Bxa7 Ra8 27. Bxd4 Bxd4 28. Rxd4 Rxa2 29. c4 Kg8 30. b4 Rb2 31. b5 Kf7 32. Rd5 g5 33. Rd6 h5 34. b6 g4 35. fxg4 hxg4 36. c5 Rb5 37. Rd7+ Kf6 38. b7 Kf5 39. c6 Rb6 40. Rd8 Kf4 41. b8Q+ Rxb8 42. Rxb8 g3 43. hxg3+ Kxg3 44. Rf1 Kh4 45. Kh2 Kg4 46. Rg8+ Kh5 47. Kh3 Kh6 48. Kh4 Kh7 49. Rg5 Kh6 50. Rf3 Kh7 51. Rfg3 Kh8 52. Rh5# 1-0

[Event "Match France-Chine U12 G"]
[Site "Saint Quentin"]
[Date "2019.06.27"]
[Round "5.2"]
[White "Zhao, Yunqing"]
[Black "Bat, Anu"]
[Result "1-0"]
[WhiteElo "1539"]
[BlackElo "1457"]
[PlyCount "65"]
[EventDate "2019.06.??"]
[EventType "team-match (blitz)"]
[EventRounds "12"]
[EventCountry "FRA"]
[SourceTitle "EXT 2020"]
[Source "ChessBase"]
[SourceDate "2019.10.17"]
[SourceVersion "1"]
[SourceVersionDate "2019.10.17"]
[SourceQuality "1"]

1. d4 Nf6 2. c4 d6 3. Nf3 g6 4. g3 Bg7 5. Bg2 Nbd7 6. 0-0 0-0 7. Nc3 c5 8. d5 Nb6 9. Nd2 Re8 10. e4 e5 11. Qe2 Bd7 12. b3 Qc8 13. Bb2 h5 14. Rae1 Ng4 15. f3 Nf6 16. Kh1 Bh6 17. Qd1 Bh3 18. Ndb1 Bxg2+ 19. Kxg2 Nh7 20. h4 g5 21. Rh1 Kg7 22. hxg5 Nxg5 23. Rxh5 Rh8 24. Bc1 f6 25. Reh1 Qe8 26. Qe2 Qg6 27. Nb5 Rad8 28. Bxg5 fxg5 29. Nc7 Rd7 30. Ne6+ Kf7 31. Nxg5+ Kg7 32. Ne6+ Kf7 33. R1h2 1-0